000 01032nam a2200253Ia 4500
003 OSt
005 20220923220648.0
006 a|||||r|||| 00| 0
007 ta
008 220922b |||||||| |||| 00| 0 hin d
024 _a188,783
037 _cTextual
040 _aARTS
_cARTS
_bhin
041 _2hin
_ahin
082 _aO152,2M89:g, L7
100 _aदीक्षित, जगदीश चन्द्र; त्रिवेदी, अरूण, संपा.
_9164549
245 0 _aप्रसाद की समरसता तथा श्रेयवाद
246 _aPrasād kī samarasatā tathā shreyavāda
260 _aउत्तर प्रदेश
_b सदस्य लोक सेवा
_c1977
300 _a118 पृ.
_ccm.
650 _aहिन्दी साहित्य
_9156264
942 _hO152,2M89:g, L7
_cTEXL
_2CC
999 _c341677
_d341677